[Event "Imperia Corallo op-A 3rd"]
[Site "Imperia"]
[Date "2008.11.23"]
[Round "4"]
[White "Bajada, Giacomo"]
[Black "Martinoia, Luigi"]
[Result "1-0"]
[WhiteElo "1543"]
[BlackElo "1558"]
[PlyCount "138"]
[EventDate "2008.11.21"]
[EventType "swiss"]
[EventRounds "5"]
[EventCountry "ITA"]
[SourceTitle "EXT 2011"]
[Source "ChessBase"]
[SourceDate "2010.11.26"]
[SourceVersion "1"]
[SourceVersionDate "2010.11.26"]
[SourceQuality "1"]

1. c4 b6 2. Nc3 e6 3. e4 Bb7 4. d3 Bb4 5. Qc2 Nc6 6. Be3 d5 7. exd5 exd5 8. cxd5 Qxd5 9. Nf3 f6 10. 0-0-0 Bxc3 11. bxc3 Nge7 12. Re1 0-0-0 13. Be2 Nf5 14. Bd2 Qc5 15. d4 Ncxd4 16. cxd4 Qxc2+ 17. Kxc2 Bxf3 18. Bxf3 Nxd4+ 19. Kc1 Nxf3 20. gxf3 h5 21. h4 Rd5 22. Re7 Rg8 23. Rg1 Rf5 24. f4 g6 25. Be3 Ra5 26. Kb2 Rb5+ 27. Ka1 a5 28. Re6 f5 29. Rgxg6 Rd8 30. Rg1 a4 31. Re5 Rdd5 32. Rxd5 Rxd5 33. a3 Kb7 34. Rg5 b5 35. Rxh5 Rd3 36. Bc1 Rc3 37. Bb2 Rc2 38. Rxf5 Rxf2 39. Rxb5+ Ka6 40. Rb4 Ka5 41. Re4 Rf3 42. h5 Rh3 43. Re5+ Kb6 44. Bd4+ Kc6 45. Rc5+ Kd6 46. Ra5 Rxa3+ 47. Kb2 Rb3+ 48. Ka2 Rh3 49. Bg7 Rh4 50. h6 Rh2+ 51. Ka3 Rh3+ 52. Kxa4 c5 53. Bf8+ Kd5 54. Rxc5+ Ke6 55. Rc6+ Kf5 56. Rc4 Rh1 57. Kb5 Kg6 58. Rc6+ Kf5 59. Rc4 Kg6 60. Kc6 Rf1 61. Kd6 Re1 62. Kd5 Rd1+ 63. Ke4 Re1+ 64. Kf3 Kh7 65. Kg4 Rg1+ 66. Kf5 Rg8 67. Rc7+ Kh8 68. Bd6 Rg1 69. Be5+ Kg8 1-0

[Event "Imperia Corallo op-A 3rd"]
[Site "Imperia"]
[Date "2008.11.23"]
[Round "5"]
[White "Federico, Giancarlo"]
[Black "Bajada, Giacomo"]
[Result "1-0"]
[WhiteElo "1762"]
[BlackElo "1543"]
[PlyCount "109"]
[EventDate "2008.11.21"]
[EventType "swiss"]
[EventRounds "5"]
[EventCountry "ITA"]
[SourceTitle "EXT 2011"]
[Source "ChessBase"]
[SourceDate "2010.11.26"]
[SourceVersion "1"]
[SourceVersionDate "2010.11.26"]
[SourceQuality "1"]

1. d4 d5 2. Nf3 Nf6 3. c4 e6 4. e3 Be7 5. Nc3 c6 6. Bd3 h6 7. 0-0 0-0 8. Qe2 dxc4 9. Bxc4 b5 10. Bb3 a5 11. Rd1 a4 12. Bc2 Ba6 13. Qe1 Qc7 14. e4 Bb4 15. a3 Bxc3 16. Qxc3 Bb7 17. Be3 Na6 18. Nd2 Rac8 19. Rac1 Ng4 20. e5 f5 21. h3 Nxe3 22. Qxe3 Qf7 23. b4 Nc7 24. f4 Nd5 25. Qf2 Qh5 26. Nb1 g5 27. fxg5 hxg5 28. Rd2 Rc7 29. Bd1 Qg6 30. Nc3 Nf4 31. Ne2 Rg7 32. Nxf4 gxf4 33. Bf3 Rc8 34. Rdc2 Rgc7 35. Be2 Qg3 36. Qxg3+ fxg3 37. Bxb5 f4 38. Bxa4 f3 39. gxf3 Rf8 40. Rc3 c5 41. Bd1 Rf4 42. dxc5 Rh7 43. Rc4 Rxc4 44. Rxc4 Rxh3 45. b5 Bd5 46. Rc3 g2 47. Kxg2 Rh7 48. c6 Rc7 49. Bb3 Kf7 50. Bxd5 exd5 51. Rd3 Ke6 52. f4 Kf5 53. Kf3 Ke6 54. Rc3 Rh7 55. Ke2 1-0

[Event "Imperia Corallo op-A 3rd"]
[Site "Imperia"]
[Date "2008.11.22"]
[Round "3"]
[White "Nanni, Sergio"]
[Black "Bajada, Giacomo"]
[Result "1-0"]
[WhiteElo "1747"]
[BlackElo "1543"]
[PlyCount "47"]
[EventDate "2008.11.21"]
[EventType "swiss"]
[EventRounds "5"]
[EventCountry "ITA"]
[SourceTitle "EXT 2011"]
[Source "ChessBase"]
[SourceDate "2010.11.26"]
[SourceVersion "1"]
[SourceVersionDate "2010.11.26"]
[SourceQuality "1"]

1. e4 c5 2. c3 Nc6 3. d4 cxd4 4. cxd4 e5 5. Nf3 Bb4+ 6. Bd2 Qa5 7. d5 Nd4 8. Nxe5 d6 9. Nc4 Bxd2+ 10. Nbxd2 Qd8 11. Qa4+ Ke7 12. Qd1 a6 13. Nf3 Nb5 14. Be2 Nf6 15. a4 Nc7 16. e5 Ne4 17. Qd4 Bf5 18. exd6+ Nxd6 19. Qe5+ Ne6 20. dxe6 Bxe6 21. Rd1 Nxc4 22. Bxc4 Qb6 23. 0-0 Rac8 24. Bxe6 1-0